Adatok az erdélyi nemzetiségi kérdés történetéhez 1918-1923. (Gyulafehérvár-Csucsa)

Elmentve itt :
Bibliográfiai részletek
Szerző: Gulya Károly
További közreműködők: nincs megadva (Témavezető)
Dokumentumtípus: Disszertáció
Megjelent: 1960
Kulcsszavak:Politológia
Tárgyszavak:
Online Access:http://doktori.ek.szte.hu/9146
LEADER 00714nta a2200205 i 4500
001 dokt9146
005 20240319151353.0
008 240319s1960 hu om 0|| hun d
040 |a SZTE Doktori Repozitórium  |b hun 
041 |a hun 
100 1 |a Gulya Károly 
245 1 0 |a Adatok az erdélyi nemzetiségi kérdés történetéhez 1918-1923. (Gyulafehérvár-Csucsa)  |h [elektronikus dokumentum] /  |c  Gulya Károly 
260 |c 1960 
502 |a Disszertacio 
650 4 |a politikatudományok 
650 4 |a Társadalomtudományok 
650 4 |a Politikatudomány 
695 |a Politológia 
700 0 1 |a nincs megadva  |e ths 
856 4 0 |u https://doktori.bibl.u-szeged.hu/id/eprint/9146/1/1960_gulya_karoly.pdf  |z Dokumentum-elérés